|
|
|
|
| LEADER |
00000cam a2200000 7i4500 |
| 001 |
0000077839 |
| 005 |
20220105104301.0 |
| 008 |
180116 |
| 020 |
|
|
|a 9789835700576
|
| 020 |
|
|
|a 9835700575
|
| 090 |
0 |
0 |
|a JP
|b MAL
|
| 245 |
0 |
0 |
|a Harta karun dalam gua
|c Penyusun oleh Comel
|
| 260 |
|
|
|a Kuala Lumpur :
|b Penerbitan Gema Insan ,
|c 1999
|
| 440 |
|
0 |
|a Siri kanak-kanak harmoni
|
| 500 |
|
|
|a Children age 4-6 years old (yellow)
|
| 650 |
|
0 |
|a Junior preschool
|x Malay
|x Languages
|
| 650 |
|
0 |
|a Malay fiction
|
| 999 |
|
|
|a 0000766802
|b Book
|c Children Collection
|e Cawangan Bandar Penawar
|
| 999 |
|
|
|a 0000766804
|b Book
|c Children Collection
|e Cawangan Bandar Penawar
|
| 999 |
|
|
|a 0000773209
|b Book
|c Children Collection
|e Cawangan Pontian
|
| 999 |
|
|
|a 0000773288
|b Book
|c Children Collection
|e Cawangan Pontian
|
| 999 |
|
|
|a 0000786797
|b Book
|c Children Collection
|e Cawangan Segamat
|
| 999 |
|
|
|a 0000786800
|b Book
|c Children Collection
|e Cawangan Segamat
|